The education of disadvantaged children; (Record no. 34680)

MARC details
000 -LEADER
fixed length control field 01093cam a22002771 4500
001 - CONTROL NUMBER
control field hew67000045
003 - CONTROL NUMBER IDENTIFIER
control field DLC
005 - DATE AND TIME OF LATEST TRANSACTION
control field 20260227111515.0
008 - FIXED-LENGTH DATA ELEMENTS--GENERAL INFORMATION
fixed length control field 741001s1966 xx 000 0 eng
010 ## - LIBRARY OF CONGRESS CONTROL NUMBER
LC control number hew67000045
035 ## - SYSTEM CONTROL NUMBER
System control number (OCoLC)1026589
040 ## - CATALOGING SOURCE
Original cataloging agency DLC
Transcribing agency TxU-Da
Modifying agency OCoLC
-- DLC
050 00 - LIBRARY OF CONGRESS CALL NUMBER
Classification number Z5814.C52
Item number W35
082 ## - DEWEY DECIMAL CLASSIFICATION NUMBER
Classification number 016.3719
100 1# - MAIN ENTRY--PERSONAL NAME
Personal name Watt, Lois Belfield.
245 14 - TITLE STATEMENT
Title The education of disadvantaged children;
Statement of responsibility, etc. a bibliography, compiled by Lois B. Watt, Myra H. Thomas [and] Harriet L. Horner.
260 ## - PUBLICATION, DISTRIBUTION, ETC.
Place of publication, distribution, etc. [Washington]
Name of publisher, distributor, etc. Office of Education, U.S. Dept. of Health, Education, and Welfare,
Date of publication, distribution, etc. 1966.
300 ## - PHYSICAL DESCRIPTION
Extent 32 p.
Dimensions 26 cm.
500 ## - GENERAL NOTE
General note "OE-14031-38."
504 ## - BIBLIOGRAPHY, ETC. NOTE
Bibliography, etc. note "A bibliography from the Educational Materials Center, Division of Research Training and Dissemination."
650 #0 - SUBJECT ADDED ENTRY--TOPICAL TERM
Topical term or geographic name entry element Children with social disabilities
General subdivision Education
Form subdivision Bibliography.
650 #0 - SUBJECT ADDED ENTRY--TOPICAL TERM
Topical term or geographic name entry element Children with disabilities
General subdivision Education
Form subdivision Bibliography.
700 1# - ADDED ENTRY--PERSONAL NAME
Personal name Thomas, Myra H.,
Relator term joint author.
700 1# - ADDED ENTRY--PERSONAL NAME
Personal name Horner, Harriet L.,
Relator term joint author.
710 2# - ADDED ENTRY--CORPORATE NAME
Corporate name or jurisdiction name as entry element Educational Materials Center (U.S.)

No items available.

Powered by Koha